L' héritage kantien et la révolution copernicienne. Fichte - Cohen - Heidegger

Збережено в:
Бібліографічні деталі
Автор: Vuillemin, Jules (Автор)
Формат: Книга
Мова:Французька
Опубліковано: París Universitaires de France 1954
Серія:Bibliothèque de Philosophie Contemporaine
Предмети:
Теги: Додати тег
Немає тегів, Будьте першим, хто поставить тег для цього запису!

MARC

LEADER 00000nam a2200000 a 4500
001 UCZ4737
003 CL-VaPUC
008 951110e19540000FR |||||||||||||||||fre|d
082 0 4 |a 110  |b VUI  |2 21 
100 0 |a Vuillemin, Jules  |e author  |9 348739 
245 1 3 |a L' héritage kantien et la révolution copernicienne. Fichte - Cohen - Heidegger 
300 |a 309 p 
942 |c BK 
945 |d 19951110 00:00:00  |a lriquelm 
260 |a París  |b Universitaires de France  |c 1954 
650 0 |a Metafísica  |9 265649 
650 0 |a Filosofía alemana   |9 265002 
650 0 |a Filosofía de las ciencias  |9 256466 
650 0 |a Existencialismo  |9 265698 
583 |a last modification  |c 19951110 00:00:00  |k Rodrigo Vera 
490 0 |a Bibliothèque de Philosophie Contemporaine 
999 |c 241104  |d 241102 
952 |0 0  |1 0  |4 0  |6 110_000000000000000_VUI_1954  |7 0  |8 P  |9 253267  |a BIBEDU  |b BIBEDU  |c BIBEDU_PB  |d 2019-11-19  |i 1597922  |o 110 VUI 1954  |p 1597922  |r 2024-01-25  |w 2019-11-19  |y BK  |k FIL